Normal view
MARC view
- UG EE Projects
Entry Topical Term
001 - CONTROL NUMBER
- control field: 131312
003 - CONTROL NUMBER IDENTIFIER
- control field: NUST
005 - DATE AND TIME OF LATEST TRANSACTION
- control field: 20251021113918.0
008 - FIXED-LENGTH DATA ELEMENTS
- fixed length control field: 251021|| aca||aabn | a|a d
040 ## - CATALOGING SOURCE
- Original cataloging agency: NUST
- Transcribing agency: NUST
150 ## - HEADING--TOPICAL TERM
- Topical term or geographic name entry element: UG EE Projects
670 ## - SOURCE DATA FOUND
- Source citation: Work cat.: (NUST)183102: Salman, Ahmed CSUO (TE-37) 131311, Simulation in matlab and implementation in C language of an OFDM modem /, 2004
